000 00647nam a2200229Ia 4500
003 OSt
005 20220923230034.0
006 a|||||r|||| 00| 0
007 ta
008 Pun
024 _a276,935
037 _cTextual
040 _aARTS
_cARTS
_bPun
041 _2Pun
_aPun
082 _aO153,3N171,DT, J4
100 _aਨਰੂਲਾ, ਸੁਰਿੰਦਰ ਸਿੰਘ
_9156370
245 0 _aਦੀਨ ਤੇ ਦੁਨੀਆ
260 _c1954
650 _aਪੰਜਾਬੀ ਸਾਹਿਤ
942 _hO153,3N171,DT, J4
_cTEXL
_2CC
999 _c382059
_d382059